| 000 | 01498cam a22003131i 4500 | ||
|---|---|---|---|
| 003 | SA-RiAUC | ||
| 005 | 20250120141143.0 | ||
| 008 | 250120s1999 su g b 00000 ara c | ||
| 040 |
_aSA-RiKSU _bara _cSA-RiAUC _erda |
||
| 082 | 0 | 4 |
_a258.3 _qSA-RiAUC |
| 090 |
_a258.3 _b ا ب ن د |
||
| 100 | 1 |
_aابن دقيق العيد، محمد بن علي بن وهب، _d625-702 هجري _eمؤلف. |
|
| 245 | 1 | 0 |
_aتحفة اللبيب في شرح التقريب / _cتأليف ابن دقيق العيد ؛ تحقيق صبري بن سلامة شاهين. |
| 246 | 3 | 0 | _aشرح التقريب |
| 250 | _aالطبعة الأولى. | ||
| 264 | 1 |
_aالرياض : _bدار أطلس للنشر والتوزيع، _c1999 |
|
| 300 |
_a508 صفحة ؛ _c24 سم |
||
| 336 |
_aنص _btxt _2rdacontent _3كتاب |
||
| 337 |
_aبدون وسيط _bn _2rdamedia |
||
| 338 |
_aمجلد _bnc _2rdacarrier |
||
| 504 | _aيشتمل على إرجاعات ببليوجرافية. | ||
| 650 | 7 |
_aالفقه الشافعي _2aucsh |
|
| 650 | 7 |
_aالعبادات (فقه إسلامي) _2aucsh |
|
| 700 | 1 |
_aشاهين، صبري بن سلامة _eمحقق. |
|
| 700 | 1 | 2 |
_iشرح لـ (عمل) : _aالأصفهاني، أحمد بن الحسين بن أحمد، _d533-593 هجري _tمتن الغاية والتقريب، المشهور، بمتن أبي شجاع في الفقه الشافعي. |
| 942 |
_2ddc _cBOOK _n0 |
||
| 949 |
_aSA-JeALM _d250120 _uosman123 _n1 |
||
| 999 |
_c5025 _d5025 |
||